[Event "17th Asian-ch"]
[Site "Xingtai CHN"]
[Date "2019.06.15"]
[Round "9.11"]
[White "Xu Yinglun"]
[Black "Aravindh, Chithambaram"]
[Result "1/2-1/2"]
[WhiteElo "2548"]
[BlackElo "2598"]
[EventDate "2019.06.07"]
[PlyCount "119"]

1.d4 Nf6 2.c4 a6 3.Nc3 c5 4.e3 e6 5.Nf3 d5 6.dxc5 Bxc5 7.a3 O-O 8.b4 Ba7 
9.Bb2 Nc6 10.Be2 dxc4 11.Bxc4 Qxd1+ 12.Rxd1 b5 13.Bd3 Bb7 14.Ne4 Nxe4 15.
Bxe4 Rfd8 16.Ke2 f6 17.Rxd8+ Rxd8 18.Rd1 Rxd1 19.Kxd1 e5 20.Nd2 Nd8 21.g4 
Kf7 22.Ke2 Bxe4 23.Nxe4 Ke6 24.h3 Nb7 25.Kd3 Bb8 26.Bc3 Bd6 27.Be1 Be7 28.
f3 Kd5 29.Nc3+ Kc6 30.e4 Nd6 31.Nd5 Bd8 32.Bf2 Nc4 33.Bc5 Kd7 34.Ne3 Nb2+ 
35.Kc2 Na4 36.Bf8 g6 37.Nd5 Ke6 38.Bh6 Nb6 39.Nxb6 Bxb6 40.Bd2 f5 41.Kb3 
Bf2 42.Bg5 Bb6 43.a4 Bf2 44.axb5 axb5 45.Kc3 Be1+ 46.Kb3 Bg3 47.Kc3 Bf2 
48.Kb3 Be1 49.Ka3 Bg3 50.Kb3 fxg4 51.fxg4 Bf4 52.Bd8 Bd2 53.Bc7 h5 54.gxh5
gxh5 55.Bd8 Be1 56.h4 Bd2 57.Ka3 Bh6 58.Kb3 Kd7 59.Bf6 Kd6 60.Ka3 1/2-1/2

[Event "17th Asian-ch"]
[Site "Xingtai CHN"]
[Date "2019.06.15"]
[Round "9.13"]
[White "Xu Yi"]
[Black "Vaibhav, Suri"]
[Result "1/2-1/2"]
[WhiteElo "2526"]
[BlackElo "2599"]
[EventDate "2019.06.07"]
[PlyCount "92"]

1.e4 c6 2.d4 d5 3.e5 c5 4.dxc5 e6 5.a3 Nc6 6.Nf3 Bxc5 7.Bd3 Qc7 8.Bf4 Nge7
9.Bg3 Ng6 10.Qe2 O-O 11.O-O Nd4 12.Nxd4 Bxd4 13.Bxg6 fxg6 14.c3 Bb6 15.Nd2
Bd7 16.Nf3 Rac8 17.Rfd1 Qc4 18.Qxc4 Rxc4 19.Nd4 g5 20.f3 Ba4 21.Rd2 Bxd4+ 
22.Rxd4 Rxd4 23.cxd4 Rc8 24.Be1 Rc2 25.Bc3 Kf7 26.Rf1 Bb5 27.Rd1 Kg6 28.
Rd2 Rc1+ 29.Kf2 h5 30.h3 h4 31.Ke3 Kf5 32.Rf2 Rg1 33.Rd2 Re1+ 34.Kf2 Rh1 
35.Ke3 b6 36.Rc2 a5 37.Rd2 Re1+ 38.Kf2 Rf1+ 39.Ke3 Re1+ 40.Kf2 Rc1 41.Ke3 
Bf1 42.Rf2 Rd1 43.Rc2 Bc4 44.Rd2 Rc1 45.Rf2 Rg1 46.Rd2 Re1+ 1/2-1/2

[Event "17th Asian-ch"]
[Site "Xingtai CHN"]
[Date "2019.06.15"]
[Round "9.14"]
[White "Vignesh, N. R."]
[Black "Zeng Chongsheng"]
[Result "1-0"]
[WhiteElo "2459"]
[BlackElo "2561"]
[EventDate "2019.06.07"]
[PlyCount "119"]

1.e4 c5 2.Nf3 Nc6 3.Nc3 e6 4.d4 cxd4 5.Nxd4 Qc7 6.Be3 a6 7.Qd2 Nf6 8.f4 d6
9.Be2 Na5 10.O-O-O Nc4 11.Bxc4 Qxc4 12.e5 Nd5 13.Nxd5 Qxd5 14.Nb3 Qxd2+ 
15.Rxd2 dxe5 16.Rhd1 Be7 17.fxe5 b6 18.Kb1 Rb8 19.g3 h5 20.h4 O-O 21.Rd3 
Kh7 22.a4 a5 23.Kc1 Kg6 24.Rc3 Bd8 25.Nd4 Bb7 26.Ne2 Bf3 27.Nf4+ Kh7 28.
Rd7 Bg4 29.Kb1 f6 30.Bd4 Kh6 31.Rc6 Re8 32.exf6 gxf6 33.Be3 e5 34.Nd5+ Kg6
35.Rdd6 Kf5 36.Bxb6 Bf3 37.Ne3+ Kg6 38.Bxd8 Bxc6 39.Rxf6+ Kg7 40.Nf5+ Kg8 
41.Bc7 Bxa4 42.Bxb8 Rxb8 43.Re6 Re8 44.Rxe8+ Bxe8 45.Nd6 Bg6 46.Nc4 e4 47.
Kc1 a4 48.Kd2 Kg7 49.Ke3 Kf6 50.Nb6 Kf5 51.Nxa4 Kg4 52.Nc5 Kxg3 53.b4 Be8 
54.Nxe4+ Kxh4 55.c4 Bc6 56.b5 Ba8 57.c5 Kg4 58.c6 h4 59.c7 Bb7 60.Nd6 1-0

[Event "17th Asian-ch"]
[Site "Xingtai CHN"]
[Date "2019.06.15"]
[Round "9.15"]
[White "Chanda, Sandipan"]
[Black "Zhao Chenxi"]
[Result "1-0"]
[WhiteElo "2511"]
[BlackElo "2383"]
[EventDate "2019.06.07"]
[PlyCount "103"]

1.d4 Nf6 2.Nf3 g6 3.Nbd2 Bg7 4.e4 d6 5.Be2 O-O 6.O-O b6 7.c3 Bb7 8.Qc2 
Nbd7 9.e5 Nd5 10.e6 fxe6 11.Ng5 Nf4 12.Ndf3 Nxe2+ 13.Qxe2 e5 14.Ne6 Bxf3 
15.gxf3 Qc8 16.Nxf8 Nxf8 17.dxe5 Bxe5 18.Qc4+ Kg7 19.Qh4 Bf6 20.Bg5 Bxg5 
21.Qxg5 e5 22.f4 Ne6 23.Qe7+ Kg8 24.fxe5 Nf4 25.e6 Qxe6 26.Qxe6+ Nxe6 27.
Rfe1 Kf7 28.Re4 Ng7 29.a4 a5 30.b4 Nf5 31.Rc4 c5 32.Re4 axb4 33.cxb4 Nd4 
34.a5 d5 35.Rf4+ Kg7 36.Ra2 Nc6 37.Re2 g5 38.Rf5 Nxb4 39.axb6 Kg6 40.Rf3 
g4 41.Re6+ Kg5 42.Rf7 Nd3 43.b7 Ra1+ 44.Kg2 Rb1 45.Re8 Nf4+ 46.Rxf4 Kxf4 
47.b8=Q+ Rxb8 48.Rxb8 Ke4 49.Kf1 Kd3 50.Ke1 c4 51.Kd1 d4 52.Rh8 1-0

[Event "17th Asian-ch"]
[Site "Xingtai CHN"]
[Date "2019.06.15"]
[Round "9.16"]
[White "Laylo, Darwin"]
[Black "Karthik, Venkataraman"]
[Result "1/2-1/2"]
[WhiteElo "2433"]
[BlackElo "2499"]
[EventDate "2019.06.07"]
[PlyCount "66"]

1.d4 Nf6 2.c4 g6 3.Nc3 d5 4.cxd5 Nxd5 5.e4 Nxc3 6.bxc3 Bg7 7.Bb5+ c6 8.Ba4
b5 9.Bb3 b4 10.Ne2 bxc3 11.Be3 O-O 12.O-O Ba6 13.Re1 Qa5 14.Rc1 Bxe2 15.
Qxe2 Nd7 16.Qc4 c5 17.dxc5 Rac8 18.Bd4 Bxd4 19.Qxd4 Nxc5 20.Qxc3 Nxb3 21.
Qxb3 Rfd8 22.h3 Rb8 23.Qe3 Rb2 24.Rc5 Qd2 25.Rd5 Rxd5 26.exd5 Rxa2 27.Qxd2
Rxd2 28.Rxe7 a5 29.Rd7 Kg7 30.d6 Kf6 31.Ra7 Rd5 32.Kf1 Ke6 33.d7 Rxd7 
1/2-1/2

[Event "17th Asian-ch"]
[Site "Xingtai CHN"]
[Date "2019.06.15"]
[Round "9.17"]
[White "Praggnanandhaa, Rameshbabu"]
[Black "Zhang Ziji"]
[Result "1/2-1/2"]
[WhiteElo "2537"]
[BlackElo "2408"]
[EventDate "2019.06.07"]
[PlyCount "88"]

1.Nf3 d5 2.g3 c6 3.Bg2 Nf6 4.O-O Bf5 5.d3 e6 6.Nbd2 h6 7.b3 Be7 8.Bb2 O-O 
9.c4 Nbd7 10.a3 Bh7 11.b4 a5 12.Qb3 Qb6 13.Bc3 axb4 14.axb4 Rfb8 15.Qb2 
Qd8 16.cxd5 cxd5 17.Nb3 Rxa1 18.Rxa1 Ne8 19.b5 Ra8 20.h3 Bf6 21.Bxf6 Ndxf6
22.Ne5 Rxa1+ 23.Qxa1 Nd6 24.Nd4 Nd7 25.Nxd7 Qxd7 26.b6 Bg6 27.Nf3 f6 28.
Nd4 Bf7 29.Qa8+ Qc8 30.Qa3 Qd8 31.Qa7 Qc8 32.Qa3 Qd8 33.Qa7 Qc8 34.Nb3 Bh5
35.Qa3 Qd8 36.Nc5 Qc8 37.e4 Bf7 38.Qa5 Qc6 39.Kh2 Nc8 40.exd5 exd5 41.Na4 
Kh7 42.Qc5 Qxc5 43.Nxc5 Nxb6 44.Nxb7 Kg8 1/2-1/2

[Event "17th Asian-ch"]
[Site "Xingtai CHN"]
[Date "2019.06.15"]
[Round "9.18"]
[White "Zou Chen"]
[Black "Wan Yunguo"]
[Result "1-0"]
[WhiteElo "2415"]
[BlackElo "2531"]
[EventDate "2019.06.07"]
[PlyCount "55"]

1.e4 c5 2.Nf3 e6 3.d4 cxd4 4.Nxd4 a6 5.Bd3 Nf6 6.O-O Qc7 7.Qe2 d6 8.c4 
Nbd7 9.f4 b6 10.Nc3 Bb7 11.Bd2 g6 12.f5 gxf5 13.exf5 e5 14.Ne6 Qc6 15.Nd5 
Rc8 16.Nb4 Qxg2+ 17.Qxg2 Bxg2 18.Kxg2 Be7 19.Ng5 d5 20.Nxd5 Nxd5 21.cxd5 
Bxg5 22.Bxg5 Rg8 23.h4 f6 24.Kh1 fxg5 25.f6 Kf8 26.Bf5 Rd8 27.Rac1 e4 28.
f7 1-0

[Event "17th Asian-ch"]
[Site "Xingtai CHN"]
[Date "2019.06.15"]
[Round "9.19"]
[White "Xu Zhihang"]
[Black "Amartuvshin, Ganzorig"]
[Result "1-0"]
[WhiteElo "2504"]
[BlackElo "2394"]
[EventDate "2019.06.07"]
[PlyCount "75"]

1.d4 Nf6 2.c4 g6 3.g3 Bg7 4.Bg2 O-O 5.Nc3 d6 6.Nf3 Nbd7 7.O-O e5 8.e4 exd4
9.Nxd4 Re8 10.Be3 Nc5 11.f3 a5 12.Qd2 Bd7 13.Rad1 a4 14.Qc2 h6 15.Rfe1 Bf8
16.Ndb5 Bxb5 17.cxb5 Nfd7 18.Bh3 a3 19.b4 Ne6 20.f4 Bg7 21.Nd5 Rc8 22.Qb3 
c5 23.bxc6 bxc6 24.Nc3 c5 25.Nb5 Rb8 26.Nxd6 Rxb4 27.Qxa3 Qa8 28.Qd3 Re7 
29.e5 Nd4 30.Bxd4 Rxd4 31.Qb5 Nxe5 32.fxe5 Rxe5 33.Qb7 Qxa2 34.Rf1 Rxd1 
35.Rxd1 Re2 36.Bg2 Bd4+ 37.Kh1 Rf2 38.Qe4 1-0

[Event "17th Asian-ch"]
[Site "Xingtai CHN"]
[Date "2019.06.15"]
[Round "9.20"]
[White "Ma Zhonghan"]
[Black "Wang Shixu"]
[Result "1/2-1/2"]
[WhiteElo "2488"]
[BlackElo "2392"]
[EventDate "2019.06.07"]
[PlyCount "67"]

1.Nf3 d5 2.d4 Nf6 3.c4 e6 4.Nc3 Be7 5.Bf4 O-O 6.Qc2 c5 7.dxc5 Nbd7 8.cxd5 
Nxd5 9.Nxd5 exd5 10.Bd6 Bxd6 11.cxd6 Nf6 12.Qc7 Be6 13.e3 Rc8 14.Qxd8 
Rfxd8 15.Bd3 Rxd6 16.Nd4 Rdd8 17.Ke2 Kf8 18.f3 h5 19.h4 Ke7 20.a4 Nd7 21.
a5 a6 22.Ra3 g6 23.Rha1 Rc7 24.Rb3 Ne5 25.Ra4 Bc8 26.Kd2 Nd7 27.Raa3 Kd6 
28.Be2 Ke7 29.Rb4 Ne5 30.Ra1 Kd6 31.Rc1 Rxc1 32.Kxc1 Rd7 33.Kd2 Rc7 34.
Rb6+ 1/2-1/2

[Event "17th Asian-ch"]
[Site "Xingtai CHN"]
[Date "2019.06.15"]
[Round "9.21"]
[White "Sadhwani, Raunak"]
[Black "Akash, Ganesan"]
[Result "1-0"]
[WhiteElo "2482"]
[BlackElo "2404"]
[EventDate "2019.06.07"]
[PlyCount "55"]

1.e4 c5 2.Nc3 Nc6 3.Bb5 Nd4 4.Nf3 a6 5.Bd3 g6 6.Nxd4 cxd4 7.Ne2 Bg7 8.c3 
dxc3 9.dxc3 Nf6 10.O-O O-O 11.Qa4 d6 12.f3 Qc7 13.c4 Qc5+ 14.Kh1 Be6 15.
Bd2 Nd7 16.Nf4 Bxb2 17.Rab1 Qa3 18.Qc2 Nc5 19.Rxb2 Qa4 20.Nxe6 fxe6 21.Be3
Qd7 22.Rfb1 Rab8 23.e5 Rfc8 24.Bxg6 hxg6 25.Qxg6+ Kh8 26.Rd1 Qe8 27.Qh6+ 
Kg8 28.Rd4 1-0

[Event "17th Asian-ch"]
[Site "Xingtai CHN"]
[Date "2019.06.15"]
[Round "9.22"]
[White "Bilguun, Sumiya"]
[Black "Xu Minghui"]
[Result "1-0"]
[WhiteElo "2478"]
[BlackElo "2368"]
[EventDate "2019.06.07"]
[PlyCount "53"]

1.e4 e5 2.Nf3 Nc6 3.Bb5 a6 4.Ba4 Nf6 5.O-O Be7 6.Re1 b5 7.Bb3 O-O 8.h3 Bb7
9.Nc3 d6 10.a3 Nb8 11.d3 Nbd7 12.Ne2 Re8 13.Ng3 c6 14.c3 Bf8 15.d4 g6 16.
Ng5 d5 17.f4 exf4 18.Bxf4 h6 19.Nxf7 Kxf7 20.e5 Nh7 21.e6+ Rxe6 22.Rxe6 
Kxe6 23.Qg4+ Kf7 24.Bc2 Ng5 25.Bxg5 hxg5 26.Rf1+ Nf6 27.Qxg5 1-0

[Event "17th Asian-ch"]
[Site "Xingtai CHN"]
[Date "2019.06.15"]
[Round "9.24"]
[White "Sankalp, Gupta"]
[Black "Chen Qi"]
[Result "1/2-1/2"]
[WhiteElo "2359"]
[BlackElo "2453"]
[EventDate "2019.06.07"]
[PlyCount "60"]

1.e4 e5 2.Nf3 Nc6 3.d4 exd4 4.Nxd4 Qf6 5.Nb3 Qg6 6.f3 Bd6 7.Nc3 Nge7 8.g4 
h5 9.g5 f5 10.Bd3 f4 11.h4 Ne5 12.Bf1 O-O 13.Nb5 b6 14.Bh3 Bb7 15.O-O Ba6 
16.a4 Bc5+ 17.Nxc5 bxc5 18.Rf2 Qc6 19.c4 N7g6 20.b3 Bb7 21.Bb2 a6 22.Nc3 
Nxh4 23.Nd5 Rae8 24.Kh1 Qd6 25.Qe2 Bxd5 26.cxd5 Rb8 27.Raf1 Rf7 28.Qc2 
Nhg6 29.a5 Rb5 30.Bc3 Qe7 1/2-1/2

[Event "17th Asian-ch"]
[Site "Xingtai CHN"]
[Date "2019.06.15"]
[Round "9.26"]
[White "Gomez, John Paul"]
[Black "Lin Yi"]
[Result "1/2-1/2"]
[WhiteElo "2467"]
[BlackElo "2396"]
[EventDate "2019.06.07"]
[PlyCount "37"]

1.e4 e5 2.Nf3 Nf6 3.Nc3 Nc6 4.Bb5 Bb4 5.O-O O-O 6.d3 Bxc3 7.bxc3 d6 8.Re1 
Bd7 9.d4 a6 10.Bf1 Bg4 11.d5 Ne7 12.h3 Bxf3 13.Qxf3 Nd7 14.g3 Nc5 15.h4 
Qd7 16.Bg5 h6 17.Bd2 f5 18.exf5 Qxf5 19.Qxf5 1/2-1/2

[Event "17th Asian-ch"]
[Site "Xingtai CHN"]
[Date "2019.06.15"]
[Round "9.27"]
[White "Rahul Srivatshav, P."]
[Black "Torre, Eugenio"]
[Result "1/2-1/2"]
[WhiteElo "2395"]
[BlackElo "2451"]
[EventDate "2019.06.07"]
[PlyCount "56"]

1.c4 e5 2.Nc3 Bb4 3.Nd5 Be7 4.d4 d6 5.g3 c6 6.Nxe7 Qxe7 7.Bg2 Nf6 8.dxe5 
dxe5 9.Nf3 O-O 10.O-O h6 11.b3 e4 12.Nd4 Rd8 13.e3 c5 14.Ba3 Qe5 15.Nf3 
Qc7 16.Nd2 Qa5 17.Bc1 Nc6 18.Qc2 Nb4 19.Qb1 Bg4 20.Nxe4 Nxe4 21.Bxe4 Be2 
22.Bb2 Bxf1 23.Qxf1 Nc6 24.Qh3 Qd2 25.Rb1 Qd7 26.Qh5 Qe7 27.Qf5 g6 28.Qf3 
Qd6 1/2-1/2

[Event "17th Asian-ch"]
[Site "Xingtai CHN"]
[Date "2019.06.15"]
[Round "9.28"]
[White "Battulga, Namkhai"]
[Black "Li Di"]
[Result "0-1"]
[WhiteElo "2425"]
[BlackElo "2535"]
[EventDate "2019.06.07"]
[PlyCount "90"]

1.e4 e5 2.Nf3 Nf6 3.Nxe5 d6 4.Nf3 Nxe4 5.d4 d5 6.Bd3 Nc6 7.O-O Be7 8.Re1 
Bg4 9.Bxe4 dxe4 10.Rxe4 Bxf3 11.Qxf3 Nxd4 12.Qd3 Ne6 13.Qf3 O-O 14.Nc3 c6 
15.Be3 Qc7 16.Rc4 Rfd8 17.a4 Qa5 18.Rb1 Rd7 19.b4 Qe5 20.b5 c5 21.a5 Rad8 
22.g3 Bg5 23.b6 axb6 24.axb6 Bxe3 25.Qxe3 Qxe3 26.fxe3 f5 27.Rf1 Rd2 28.
Nb5 g6 29.Rf2 Rd1+ 30.Kg2 Re1 31.Nc7 Ng5 32.h4 Ne4 33.Ne6 Re8 34.Nxc5 Nxf2
35.Kxf2 R1xe3 36.Nxb7 R3e6 37.Rc7 Rxb6 38.c4 Rbe6 39.Nc5 R6e7 40.Rc6 Kg7 
41.Kf3 Kh6 42.Na6 Re3+ 43.Kf2 Re2+ 44.Kf3 R8e3+ 45.Kf4 Rc3 0-1

[Event "17th Asian-ch"]
[Site "Xingtai CHN"]
[Date "2019.06.15"]
[Round "9.29"]
[White "Vishnu Prasanna, Vasanthan"]
[Black "Kojima, Shinya"]
[Result "1-0"]
[WhiteElo "2511"]
[BlackElo "2400"]
[EventDate "2019.06.07"]
[PlyCount "91"]

1.e4 e5 2.Nf3 Nc6 3.Bb5 a6 4.Ba4 Nf6 5.d3 d6 6.c4 g6 7.Nc3 Bg7 8.Nd5 h6 9.
Nb4 Bd7 10.Nxc6 Bxc6 11.Bxc6+ bxc6 12.h3 O-O 13.Be3 Nd7 14.g4 f5 15.gxf5 
gxf5 16.Rg1 Kh7 17.exf5 Rxf5 18.Nd2 d5 19.Qg4 Qf8 20.Qg6+ Kh8 21.Qxc6 d4 
22.Bxd4 exd4 23.Qxd7 Re8+ 24.Ne4 Re7 25.Qc6 Rxe4+ 26.dxe4 Qb4+ 27.Kf1 
Rxf2+ 28.Kxf2 Qd2+ 29.Kf3 Qe3+ 30.Kg2 Qe2+ 31.Kh1 Qf3+ 32.Rg2 Qxh3+ 33.Kg1
Qe3+ 34.Rf2 Qg3+ 35.Kf1 Qh3+ 36.Kg1 Qg3+ 37.Rg2 Qe3+ 38.Kh2 Be5+ 39.Kh1 
Qh3+ 40.Kg1 Qe3+ 41.Rf2 Qg3+ 42.Kf1 Qh3+ 43.Ke1 Qe3+ 44.Re2 Qg3+ 45.Kd1 d3
46.Qxh6+ 1-0

[Event "17th Asian-ch"]
[Site "Xingtai CHN"]
[Date "2019.06.15"]
[Round "9.30"]
[White "Krishna, C. R. G."]
[Black "Bai, Adelard"]
[Result "1/2-1/2"]
[WhiteElo "2481"]
[BlackElo "2074"]
[EventDate "2019.06.07"]
[PlyCount "87"]

1.Nf3 d5 2.g3 Bg4 3.Bg2 Nf6 4.c4 c6 5.O-O Nbd7 6.b3 e6 7.Bb2 Be7 8.d3 O-O 
9.Nbd2 a5 10.a3 c5 11.cxd5 exd5 12.e4 d4 13.h3 Bxf3 14.Qxf3 a4 15.bxa4 
Rxa4 16.Qd1 b5 17.f4 Nb6 18.Nf3 Ra6 19.Kh2 Na4 20.Bc1 Nc3 21.Qc2 Qa5 22.
Bd2 Qa4 23.Qb2 Qa5 24.Rfc1 Na4 25.Qb3 Qb6 26.e5 Nd7 27.Rab1 Rb8 28.Ne1 Qg6
29.Be4 Qh5 30.Bf3 Qh6 31.Bd5 Nxe5 32.fxe5 Qxd2+ 33.Ng2 Qg5 34.Bxf7+ Kh8 
35.Re1 Nc3 36.Rb2 Qf5 37.e6 Rba8 38.Qc2 Rxa3 39.Qc1 Ra2 40.Rf1 Qd5 41.Rbf2
Rxf2 42.Rxf2 Qe5 43.Nf4 Qe3 44.Qf1 1/2-1/2

[Event "17th Asian-ch"]
[Site "Xingtai CHN"]
[Date "2019.06.15"]
[Round "9.31"]
[White "Zhao Yuanhe"]
[Black "Hasan Parag, Mehdi"]
[Result "1-0"]
[WhiteElo "2444"]
[BlackElo "2204"]
[EventDate "2019.06.07"]
[PlyCount "57"]

1.Nf3 d5 2.g3 g6 3.Bg2 Bg7 4.O-O e5 5.d3 Ne7 6.Nbd2 O-O 7.e4 Nbc6 8.exd5 
Nxd5 9.Re1 Bf5 10.Ne4 Rb8 11.Bg5 f6 12.Bd2 b6 13.Rb1 a5 14.a3 Qd7 15.b4 
axb4 16.axb4 Bg4 17.Qc1 Nd4 18.Nxd4 exd4 19.Qb2 Kh8 20.Qxd4 f5 21.Nc5 bxc5
22.Qxd5 Qxd5 23.Bxd5 cxb4 24.Rxb4 Bh3 25.Rh4 Bg4 26.h3 Bh5 27.Rc4 Rbd8 28.
Bg2 Bd4 29.Bh6 1-0

[Event "17th Asian-ch"]
[Site "Xingtai CHN"]
[Date "2019.06.15"]
[Round "9.32"]
[White "Nguyen Duc Hoa"]
[Black "Harshit, Raja"]
[Result "0-1"]
[WhiteElo "2436"]
[BlackElo "2437"]
[EventDate "2019.06.07"]
[PlyCount "48"]

1.d4 Nf6 2.c4 e6 3.g3 d5 4.Bg2 Be7 5.Nf3 O-O 6.Qc2 c5 7.O-O Nc6 8.Rd1 Nb4 
9.Qb3 dxc4 10.Qxc4 b5 11.Qxb5 Nc2 12.Ne5 Nd5 13.dxc5 Nxa1 14.e4 Nc7 15.Qe2
Qe8 16.c6 Ba6 17.Qg4 Rd8 18.Nd7 e5 19.Na3 Ne6 20.Be3 h5 21.Qxh5 Bxa3 22.
bxa3 Nc2 23.Bh3 Nxe3 24.fxe3 Qe7 0-1

[Event "17th Asian-ch"]
[Site "Xingtai CHN"]
[Date "2019.06.15"]
[Round "9.33"]
[White "Srijit, Paul"]
[Black "Song Yuxin"]
[Result "1-0"]
[WhiteElo "2361"]
[BlackElo "2308"]
[EventDate "2019.06.07"]
[PlyCount "107"]

1.f4 d5 2.Nf3 c5 3.d3 Nf6 4.g3 b6 5.Bg2 Bb7 6.O-O Nc6 7.c3 Qc7 8.Qa4 a6 9.
e4 b5 10.Qc2 e6 11.e5 Nd7 12.Qf2 Be7 13.Be3 f6 14.Bh3 f5 15.Nbd2 O-O-O 16.
d4 c4 17.g4 g6 18.a3 h6 19.Kh1 Rdg8 20.Rg1 Qd8 21.Rg2 Qf8 22.Rag1 g5 23.
Ne1 h5 24.gxf5 g4 25.fxe6 Ndb8 26.Bxg4 hxg4 27.Rxg4 Rxg4 28.Rxg4 Qf5 29.
Rg2 Nd8 30.Qe2 Nxe6 31.Qg4 Rh5 32.Nf1 Qxg4 33.Rxg4 Nd7 34.Rg8+ Kc7 35.Ng3 
Rh7 36.f5 Nd8 37.Nf3 Nc6 38.f6 Nxf6 39.exf6 Bxf6 40.Rg6 Be7 41.Bf4+ Kd7 
42.Kg2 Rf7 43.Bg5 Bd6 44.h4 Bc8 45.h5 Kc7 46.h6 Bg4 47.Nh4 Kd7 48.Bf6 Be6 
49.Bg7 Ne7 50.h7 Nxg6 51.Nxg6 Rxg7 52.h8=Q Rg8 53.Qh7+ Kc6 54.Ne7+ 1-0

[Event "17th Asian-ch"]
[Site "Xingtai CHN"]
[Date "2019.06.15"]
[Round "9.34"]
[White "Peng Hongchi"]
[Black "Harshavardhan, G. B."]
[Result "0-1"]
[WhiteElo "2370"]
[BlackElo "2406"]
[EventDate "2019.06.07"]
[PlyCount "64"]

1.e4 e5 2.Nf3 Nc6 3.Bb5 a6 4.Ba4 d6 5.c3 Bd7 6.O-O g6 7.d4 Bg7 8.d5 Nce7 
9.c4 Nf6 10.Nc3 O-O 11.h3 h6 12.Be3 Bxa4 13.Qxa4 Nd7 14.Qc2 f5 15.exf5 
gxf5 16.Rad1 Ng6 17.Ne2 Qf6 18.Ng3 Qf7 19.Bc1 Rad8 20.b4 e4 21.Nd4 Bxd4 
22.Rxd4 Qg7 23.Bb2 Nde5 24.Nh5 Qe7 25.Qd1 Qh4 26.f4 Nd3 27.Bc3 Ngxf4 28.
Nxf4 Nxf4 29.Qd2 Ng6 30.c5 Qg5 31.Qc2 Qh4 32.Kh1 Kh7 0-1

[Event "17th Asian-ch"]
[Site "Xingtai CHN"]
[Date "2019.06.15"]
[Round "9.35"]
[White "Winkelman, Albert"]
[Black "Huang Renjie"]
[Result "0-1"]
[WhiteElo "2176"]
[BlackElo "2327"]
[EventDate "2019.06.07"]
[PlyCount "84"]

1.e4 c5 2.Nf3 d6 3.d4 cxd4 4.Nxd4 Nf6 5.Nc3 g6 6.h3 Bg7 7.g4 O-O 8.Be3 d5 
9.e5 Ne4 10.f4 Nxc3 11.bxc3 Nc6 12.Bd3 f6 13.e6 Nxd4 14.Bxd4 Bxe6 15.f5 
Bf7 16.O-O Qd6 17.Qf3 e5 18.fxe6 Bxe6 19.Qf4 Qxf4 20.Rxf4 f5 21.Re1 Bxd4+ 
22.cxd4 Bd7 23.Re7 Rf7 24.Rxf7 Kxf7 25.gxf5 g5 26.Rf1 Kf6 27.Kf2 Re8 28.
Kf3 h5 29.Kf2 b6 30.Kf3 Re7 31.Kf2 Rg7 32.Re1 Bxf5 33.Bxf5 Kxf5 34.Kf3 Rc7
35.Re5+ Kf6 36.Rxd5 Rc3+ 37.Ke4 Rxh3 38.Rf5+ Kg6 39.Rf8 h4 40.d5 Rh1 41.
Rh8 Re1+ 42.Kd4 Kf5 0-1

[Event "17th Asian-ch"]
[Site "Xingtai CHN"]
[Date "2019.06.15"]
[Round "9.36"]
[White "Chaulagain, Purushottam"]
[Black "Quizon, Daniel"]
[Result "0-1"]
[WhiteElo "2020"]
[BlackElo "2351"]
[EventDate "2019.06.07"]
[PlyCount "82"]

1.d4 Nf6 2.Nf3 g6 3.Bf4 Bg7 4.e3 d6 5.h3 O-O 6.Nbd2 Nc6 7.Bh2 Re8 8.e4 e5 
9.d5 Nd4 10.Bd3 Nxf3+ 11.Qxf3 c6 12.dxc6 bxc6 13.O-O Be6 14.Rad1 Qc7 15.
Rfe1 Rad8 16.Bc4 Bc8 17.Qc3 Bb7 18.Bg3 Nh5 19.Bh4 Rc8 20.Qb3 Rb8 21.Qa3 d5
22.Bb3 Qb6 23.Ba4 Bf8 24.Qf3 Bh6 25.Bb3 a5 26.a4 Qb4 27.Nf1 c5 28.Bxd5 
Bxd5 29.c3 Bxe4 30.Rxe4 Qb7 31.g4 Nf4 32.Bf6 Bg7 33.Bxg7 Kxg7 34.h4 Qxb2 
35.Rd7 Qc1 36.h5 Qb1 37.Kh2 Qxf1 38.Rxf4 exf4 39.Rxf7+ Kxf7 40.Qd5+ Re6 
41.Qd7+ Kf6 0-1